[Event "AUTO-OPEN-4259"]
[Site "http://www.queenalice.com/game.php?id=1644142"]
[Date "2021.2.19"]
[Round "1"]
[White "nemeth"]
[Black "Carlos19"]
[Result "1-0"]
[WhiteElo "2305"]
[BlackElo "1504"]

1. e4 e5 2. Nc3 Nf6 3. f4 Nc6 4. fxe5 Nxe5 5. d4 Nc6 6. e5 Qe7 7. Be2 Ng8 8. Nf3
a5 9. O-O d6 10. exd6 Qxd6 11. Nb5 Qd7 12. d5 Nce7 13. Ne5 Qxd5 14. Nxc7+ Kd8
15. Nxd5 1-0

[Event "AUTO-OPEN-4259"]
[Site "http://www.queenalice.com/game.php?id=1644153"]
[Date "2021.2.19"]
[Round "1"]
[White "nemeth"]
[Black "LOMBARDY"]
[Result "1-0"]
[WhiteElo "2326"]
[BlackElo "2250"]

1. e4 e5 2. Nc3 Bc5 3. Bc4 d6 4. d3 c6 5. Nge2 b5 6. Bb3 a5 7. a3 Na6 8. O-O Nc7
9. Kh1 Be6 10. d4 Bb6 11. f4 Bxb3 12. cxb3 f6 13. Be3 Qe7 14. Qd3 Qd7 15. dxe5
Bxe3 16. Qxe3 dxe5 17. fxe5 fxe5 18. Rad1 Qe6 19. Ng3 Nf6 20. Nf5 O-O 21. Rd6
Qxb3 22. Rxc6 b4 23. Rxc7 bxc3 24. Qg5 g6 25. bxc3 Qb5 26. c4 Qb6 27. Ne7+ Kh8
28. Nxg6+ 1-0

[Event "AUTO-OPEN-4259"]
[Site "http://www.queenalice.com/game.php?id=1644154"]
[Date "2021.2.19"]
[Round "1"]
[White "LOMBARDY"]
[Black "nemeth"]
[Result "0-1"]
[WhiteElo "2233"]
[BlackElo "2345"]

1. e4 c5 2. Nf3 e6 3. d4 cxd4 4. Nxd4 a6 5. c4 Nf6 6. Bd3 Qc7 7. Nc3 Bb4 8. Qb3
Bc5 9. Nc2 Nc6 10. a3 Ne5 11. Be2 Neg4 12. Bxg4 Nxg4 13. Nd1 O-O 14. h3 Nf6 15.
Qd3 d5 16. exd5 exd5 17. cxd5 Qe5+ 18. Nde3 Rd8 19. O-O Nxd5 20. Nc4 Qf6 21. Qg3
h6 22. N2e3 Be6 23. Nxd5 Bxd5 24. Ne3 Bc6 25. b4 Bd6 26. Ng4 Qg6 27. Qh4 h5 0-1

[Event "AUTO-ELITE-2312"]
[Site "http://www.queenalice.com/game.php?id=1644284"]
[Date "2021.2.20"]
[Round "1"]
[White "Rhavstur"]
[Black "nemeth"]
[Result "1-0"]
[WhiteElo "2562"]
[BlackElo "2285"]

1. Nf3 Nf6 2. g3 g6 3. Bg2 Bg7 4. O-O O-O 5. d3 c5 6. e4 d6 7. Nbd2 e5 8. c3
Nbd7 9. a3 Re8 10. b4 Qc7 11. Bb2 Rb8 12. a4 b6 13. Qb3 b5 14. axb5 Rxb5 15. Ng5
Nf8 16. Nc4 Ne6 17. Qa4 Rb7 18. Bc1 h6 19. Nxe6 Bxe6 20. bxc5 dxc5 21. f4 Bxc4
22. Qxc4 Nd7 23. f5 g5 24. Be3 Rc8 25. Rf2 Nb6 26. Qa6 Bf8 27. h4 f6 28. c4 Rd8
29. Bf1 Be7 30. Rh2 Rd6 31. Rb1 Rb8 32. Qa5 Rd7 33. Rb5 Rc8 34. Qa2 Bf8 35. Be2
1-0

[Event "AUTO-ELITE-2312"]
[Site "http://www.queenalice.com/game.php?id=1644285"]
[Date "2021.2.20"]
[Round "1"]
[White "nemeth"]
[Black "Rhavstur"]
[Result "0-1"]
[WhiteElo "2358"]
[BlackElo "2548"]

1. e4 c6 2. d4 d5 3. Nd2 dxe4 4. Nxe4 Nf6 5. Nxf6+ exf6 6. c3 Bd6 7. Bd3 O-O 8.
Qc2 Re8+ 9. Ne2 h5 10. Be3 Nd7 11. O-O-O Nf8 12. Ng3 Be6 13. Kb1 g6 14. Bc1 f5
15. Rde1 Qa5 16. c4 Bxc4 17. Bd2 Qxa2+ 18. Kc1 Bxd3 19. Qxd3 Qd5 20. Ne2 Qxg2
0-1

[Event "AUTO-OPEN-4260"]
[Site "http://www.queenalice.com/game.php?id=1644485"]
[Date "2021.2.22"]
[Round "1"]
[White "Ricktado"]
[Black "nemeth"]
[Result "0-1"]
[WhiteElo "1801"]
[BlackElo "2336"]

1. d4 Nf6 2. f3 d5 3. Nc3 Bf5 4. g4 Bg6 5. h4 h6 6. h5 Bh7 7. Bf4 Nc6 8. Nb5 Rc8
9. Nh3 a6 10. Nc3 e6 11. a3 Bd6 12. b4 Bxf4 13. Nxf4 Qd6 14. Qd2 O-O 15. Na4 e5
16. dxe5 Nxe5 17. Nc5 b5 18. Nb7 Qc6 19. Na5 Qd7 20. Qd4 Rfe8 21. c3 Nxf3+ 22.
Kf2 Nxd4 23. cxd4 Qxg4 24. Nd3 Bxd3 25. exd3 Qxd4+ 26. Kg3 Re3+ 0-1

[Event "AUTO-OPEN-4260"]
[Site "http://www.queenalice.com/game.php?id=1644486"]
[Date "2021.2.22"]
[Round "1"]
[White "nemeth"]
[Black "Ricktado"]
[Result "1-0"]
[WhiteElo "2351"]
[BlackElo "1811"]

1. e4 d5 2. exd5 Qxd5 3. Nc3 Qe5+ 4. Be2 Nf6 5. Nf3 Qc5 6. d4 Qc6 7. Bb5 Bd7 8.
Bxc6 Bxc6 9. d5 Bd7 10. O-O Bg4 11. Qd3 Bxf3 12. Qxf3 Na6 13. d6 O-O-O 14. dxc7
Nxc7 15. Bg5 h6 16. Bxf6 exf6 17. Rad1 Bc5 18. Rxd8+ Rxd8 19. Rd1 Re8 20. h4 Ne6
21. Nb5 g5 22. Qxf6 Re7 23. Nxa7+ Kc7 24. Qe5+ Kb6 25. Nc8+ Ka6 26. Nxe7 Bxe7
27. Rd7 Bb4 28. Rxf7 Nf4 29. Rf6+ Ka7 30. Qd4+ 1-0

[Event "AUTO-OPEN-4260"]
[Site "http://www.queenalice.com/game.php?id=1644525"]
[Date "2021.2.22"]
[Round "1"]
[White "nemeth"]
[Black "StenioVS"]
[Result "1-0"]
[WhiteElo "2352"]
[BlackElo "2165"]

1. e4 e5 2. Nc3 Nc6 3. Bc4 Nf6 4. d3 Be7 5. f4 O-O 6. Nf3 d6 7. O-O exf4 8. Bxf4
Bg4 9. h3 Bh5 10. g4 Bg6 11. Nh4 Ne5 12. Bb3 a5 13. Nf5 Bxf5 14. exf5 Nc6 15. g5
Nd7 16. g6 hxg6 17. fxg6 Nde5 18. Qh5 1-0

[Event "AUTO-OPEN-4260"]
[Site "http://www.queenalice.com/game.php?id=1644526"]
[Date "2021.2.22"]
[Round "1"]
[White "StenioVS"]
[Black "nemeth"]
[Result "0-1"]
[WhiteElo "2202"]
[BlackElo "2337"]

1. d4 Nf6 2. c4 c5 3. Nf3 d6 4. g3 g6 5. Bg2 Bg7 6. O-O O-O 7. Nc3 Nc6 8. b3 a6
9. Bb2 Rb8 10. Rc1 Na5 11. Qd2 b5 12. Rfd1 bxc4 13. dxc5 cxb3 0-1

[Event "AUTO-ELITE-2313"]
[Site "http://www.queenalice.com/game.php?id=1644577"]
[Date "2021.2.22"]
[Round "1"]
[White "nemeth"]
[Black "AsterixTwin"]
[Result "0-1"]
[WhiteElo "2353"]
[BlackElo "2565"]

1. e4 c5 2. Nc3 Nc6 3. g3 g6 4. Bg2 Bg7 5. d3 d6 6. Be3 Rb8 7. Qd2 b5 8. Nge2
Nd4 9. Nc1 b4 10. Nd1 Bg4 11. f4 Nf3+ 12. Bxf3 Bxf3 13. O-O Bxd1 14. Qxd1 Bxb2
15. Rb1 Bg7 16. f5 Nf6 17. fxg6 hxg6 18. e5 Nd5 19. Qf3 Nxe3 20. Qxf7+ Kd7 21.
Qxg7 Nxf1 22. Kxf1 Rxh2 23. exd6 Qf8+ 0-1

[Event "AUTO-ELITE-2313"]
[Site "http://www.queenalice.com/game.php?id=1644578"]
[Date "2021.2.22"]
[Round "1"]
[White "AsterixTwin"]
[Black "nemeth"]
[Result "1/2-1/2"]
[WhiteElo "2572"]
[BlackElo "2347"]

1. d4 Nf6 2. c4 c5 3. d5 e6 4. Nc3 exd5 5. cxd5 d6 6. e4 g6 7. f4 Bg7 8. Bb5+
Nfd7 9. Bd3 O-O 10. Nf3 Qc7 11. O-O c4 12. Bc2 Na6 13. Kh1 Nb4 14. Bb1 Nc5 15.
Ne1 f5 16. Qe2 Nxe4 17. Nxe4 fxe4 18. Bxe4 Bd7 19. Nf3 Rae8 20. Ng5 Bf5 21. Ne6
Bxe6 22. dxe6 Rxe6 23. Bd5 Nxd5 24. Qxe6+ Qf7 25. Qxd6 Nf6 26. Rb1 Ne4 27. Qd1
b5 28. Be3 a5 29. Bb6 c3 30. bxc3 Nxc3 31. Qb3 Nxb1 32. Qxf7+ Rxf7 33. Rxb1 Rxf4
34. Bxa5 Ra4 35. Rxb5 Rxa2 36. g3 1/2-1/2

[Event "AUTO-ELITE-2313"]
[Site "http://www.queenalice.com/game.php?id=1644580"]
[Date "2021.2.22"]
[Round "1"]
[White "ivansm"]
[Black "nemeth"]
[Result "0-1"]
[WhiteElo "2252"]
[BlackElo "2318"]

1. e4 c5 2. Nf3 e6 3. Nc3 a6 4. a3 b5 5. g3 Bb7 6. d3 d6 7. Bg2 Ne7 8. O-O g6 9.
Be3 Bg7 10. Qd2 h6 11. Rab1 Nbc6 12. Ne2 Qc7 13. Nf4 Nd4 14. Ne2 Nxe2+ 15. Qxe2
g5 16. Nd2 Ng6 17. f4 gxf4 18. Bxf4 O-O-O 19. b3 Rdg8 20. Qh5 Bd4+ 21. Kh1 Rh7
22. Rbe1 Nxf4 23. Rxf4 Rg5 24. Qe2 Bc3 25. Ref1 Kb8 26. Nf3 Rg8 27. Nh4 Be5 28.
R4f2 h5 29. Bf3 Bf6 30. Bxh5 Bxh4 31. gxh4 f5 32. Bf3 Rxh4 33. exf5 exf5 34.
Bxb7 Qxb7+ 35. Qf3 Rgh8 36. Qxb7+ Kxb7 37. Re1 Kc6 38. Re3 R8h5 39. Ref3 a5 40.
Rxf5 Rxh2+ 41. Rxh2 Rxf5 42. Kg1 Kd5 43. Rh6 Rf4 44. c4+ bxc4 45. dxc4+ Kc6 46.
Rh8 a4 0-1

[Event "AUTO-ELITE-2314"]
[Site "http://www.queenalice.com/game.php?id=1644898"]
[Date "2021.2.26"]
[Round "1"]
[White "BEBADO"]
[Black "nemeth"]
[Result "1-0"]
[WhiteElo "2368"]
[BlackElo "2295"]

1. e4 c5 2. Nf3 e6 3. d4 cxd4 4. Nxd4 a6 5. Bd3 Nf6 6. O-O Qc7 7. Nc3 Nc6 8. Be3
Bb4 9. Nxc6 dxc6 10. f4 e5 11. f5 b5 12. Qf3 Bb7 13. Bg5 Be7 14. a4 b4 15. Ne2
c5 16. Bxf6 gxf6 17. Bc4 h5 18. Rfd1 h4 19. Bd5 O-O-O 20. c4 Bxd5 21. cxd5 Bd6
22. b3 c4 23. bxc4 Bc5+ 24. Kh1 h3 25. g3 Qa7 26. Nc1 Bd4 27. Rb1 a5 28. Nb3 Bc3
29. c5 Qa6 30. Qd3 Qxd3 31. Rxd3 Kd7 32. Nxa5 Ra8 33. Nc4 1-0

[Event "AUTO-ELITE-2314"]
[Site "http://www.queenalice.com/game.php?id=1644899"]
[Date "2021.2.26"]
[Round "1"]
[White "nemeth"]
[Black "BEBADO"]
[Result "0-1"]
[WhiteElo "2304"]
[BlackElo "2354"]

1. e4 c5 2. Nc3 Nc6 3. g3 g6 4. Bg2 Bg7 5. d3 e6 6. Be3 Nd4 7. Qd2 Ne7 8. Nd1 d6
9. c3 Ndc6 10. Bh6 O-O 11. h4 f6 12. Bxg7 Kxg7 13. h5 g5 14. h6+ Kh8 15. Ne3 Rg8
16. O-O-O b5 17. Ne2 b4 18. c4 e5 19. Rdg1 Nd4 20. f4 Be6 21. Nd5 Nec6 22. Nxd4
Nxd4 23. Ne3 gxf4 24. gxf4 exf4 25. Nd5 f3 26. Bf1 Bxd5 27. exd5 Qe7 28. Qf2
Rxg1 29. Rxg1 Re8 30. Kd2 Qe5 31. Qg3 Qxg3 32. Rxg3 Rg8 0-1

[Event "AUTO-ELITE-2314"]
[Site "http://www.queenalice.com/game.php?id=1644904"]
[Date "2021.2.26"]
[Round "1"]
[White "RaulSoft"]
[Black "nemeth"]
[Result "1-0"]
[WhiteElo "2662"]
[BlackElo "2354"]

1. d4 Nf6 2. c4 c5 3. d5 e6 4. Nc3 exd5 5. cxd5 d6 6. e4 g6 7. Nf3 a6 8. Be2 b5
9. O-O Bg7 10. e5 dxe5 11. Nxe5 O-O 12. Bf3 Bb7 13. Nc6 Qb6 14. Ne7+ Kh8 15. Bf4
Nbd7 16. a4 Ng8 17. Nc6 Bxc6 18. dxc6 Ne5 19. axb5 Nxf3+ 20. Qxf3 axb5 21. Rxa8
Rxa8 22. c7 Rc8 23. Qh3 f5 24. Qd3 Rxc7 25. Bxc7 Qxc7 26. Qxb5 Nf6 27. Na4 Bf8
28. g3 Ne4 29. Rd1 Qe5 30. Qe2 Qe8 31. Nc3 Qc6 32. Nxe4 fxe4 33. Qc4 Kg7 34. Re1
1-0

[Event "AUTO-ELITE-2314"]
[Site "http://www.queenalice.com/game.php?id=1644905"]
[Date "2021.2.26"]
[Round "1"]
[White "nemeth"]
[Black "RaulSoft"]
[Result "0-1"]
[WhiteElo "2328"]
[BlackElo "2660"]

1. e4 e5 2. Nc3 Nf6 3. f4 d5 4. fxe5 Nxe4 5. Qf3 f5 6. d3 Nxc3 7. bxc3 d4 8. Qg3
dxc3 9. Be2 Qd7 10. Bf3 Nc6 11. Ne2 Bc5 12. Bxc6 bxc6 13. Be3 Bb6 14. O-O O-O
15. Rf4 Qe7 16. Rc4 Ba6 17. Rxc6 Bb5 18. Rxc3 f4 19. Nxf4 Qxe5 0-1